[Event "Oslo Stjernen op B"]
[Site "Oslo"]
[Date "2017.06.17"]
[Round "4"]
[White "Vo, Hy Chang"]
[Black "Lindstad, Livia"]
[Result "1-0"]
[WhiteElo "1094"]
[BlackElo "864"]
[PlyCount "79"]
[EventDate "2017.06.16"]
[EventType "swiss"]
[EventRounds "6"]
[EventCountry "NOR"]
[SourceTitle "EXT 2024"]
[Source "ChessBase"]
[SourceDate "2023.10.10"]
[SourceVersion "1"]
[SourceVersionDate "2023.10.10"]
[SourceQuality "1"]

1. e4 c5 2. Nf3 a6 3. c3 Nc6 4. d4 e6 5. Be3 b6 6. Bc4 d5 7. exd5 exd5 8. Bb3 Nf6 9. 0-0 Be7 10. Bg5 0-0 11. Bxf6 Bxf6 12. dxc5 Ne7 13. cxb6 Bb7 14. Na3 Qxb6 15. Nc2 Rad8 16. Ncd4 Nc6 17. Nxc6 Bxc6 18. Nd4 Rfe8 19. Nxc6 Qxc6 20. Ba4 Qc4 21. Bxe8 Rxe8 22. Re1 Rxe1+ 23. Qxe1 h6 24. Qe3 Qc7 25. Rd1 Bg5 26. Qe8+ Kh7 27. Rxd5 Qb7 28. Qe4+ g6 29. b3 Qc6 30. Qc4 Qe6 31. Rd1 Qf6 32. Qd4 Qe6 33. c4 Qe2 34. a3 Bf6 35. Qd2 Qh5 36. Qd5 g5 37. Qf5+ Kg8 38. g4 Qh3 39. Rd3 Qh4 40. Kg2 1-0

[Event "Oslo Stjernen op B"]
[Site "Oslo"]
[Date "2017.06.16"]
[Round "2"]
[White "Vo, Hy Chang"]
[Black "Vangen, David Luangtep"]
[Result "0-1"]
[WhiteElo "1094"]
[BlackElo "1306"]
[PlyCount "64"]
[EventDate "2017.06.16"]
[EventType "swiss"]
[EventRounds "6"]
[EventCountry "NOR"]
[SourceTitle "EXT 2024"]
[Source "ChessBase"]
[SourceDate "2023.10.10"]
[SourceVersion "1"]
[SourceVersionDate "2023.10.10"]
[SourceQuality "1"]

1. e4 e5 2. Nf3 Nc6 3. d4 exd4 4. Nxd4 Bc5 5. Nb3 Bb6 6. Nc3 Nf6 7. Bg5 h6 8. Bh4 g5 9. Bg3 d6 10. Qd2 Be6 11. Nd5 Nxe4 12. Qd3 Nxg3 13. hxg3 Bxd5 14. Qxd5 Qe7+ 15. Be2 0-0-0 16. Qf3 Rde8 17. Kd2 Ne5 18. Qf5+ Qe6 19. Qxe6+ fxe6 20. f4 Nc6 21. Rh3 Nd4 22. Nxd4 Bxd4 23. c3 Bg7 24. Rah1 Ref8 25. Ke3 gxf4+ 26. gxf4 Rf6 27. g4 Rhf8 28. g5 hxg5 29. fxg5 Rg6 30. Rg1 Be5 31. Bd3 Rxg5 32. Rh8 Bf4+ 0-1

[Event "Oslo op"]
[Site "Fornebu"]
[Date "2016.09.30"]
[Round "9"]
[White "Vo, Hy Chang"]
[Black "Sidali, Elias Hulleberg"]
[Result "0-1"]
[WhiteElo "1277"]
[BlackElo "1572"]
[PlyCount "52"]
[EventDate "2016.09.30"]
[EventType "swiss"]
[EventRounds "9"]
[EventCountry "NOR"]
[SourceTitle "EXT 2018"]
[Source "ChessBase"]
[SourceDate "2017.10.13"]
[SourceVersion "1"]
[SourceVersionDate "2017.10.13"]
[SourceQuality "1"]

1. e4 c5 2. Nf3 g6 3. d4 cxd4 4. Nxd4 Bg7 5. Be3 Nc6 6. Nc3 Nf6 7. f3 0-0 8. Qd2 d5 9. Nxc6 bxc6 10. 0-0-0 Qa5 11. Kb1 Be6 12. Bh6 Bxh6 13. Qxh6 dxe4 14. a3 Rab8 15. Ka1 Qb6 16. Rb1 exf3 17. gxf3 Bf5 18. Qd2 Rfd8 19. Qg2 Nd5 20. Qd2 Nb4 21. Bd3 Nxd3 22. cxd3 Rxd3 23. Qe2 Re3 24. Qg2 Bxb1 25. Nxb1 Rb3 26. h4 Rxb2 0-1

[Event "Oslo op"]
[Site "Fornebu"]
[Date "2016.09.30"]
[Round "5"]
[White "Vo, Hy Chang"]
[Black "Tveten, Per"]
[Result "0-1"]
[WhiteElo "1277"]
[BlackElo "1565"]
[PlyCount "60"]
[EventDate "2016.09.30"]
[EventType "swiss"]
[EventRounds "9"]
[EventCountry "NOR"]
[SourceTitle "EXT 2018"]
[Source "ChessBase"]
[SourceDate "2017.10.13"]
[SourceVersion "1"]
[SourceVersionDate "2017.10.13"]
[SourceQuality "1"]

1. e4 e5 2. Nf3 Nc6 3. d4 exd4 4. Bc4 d6 5. Bf4 Bg4 6. 0-0 Ne5 7. Nbd2 Bxf3 8. gxf3 Qf6 9. Bg3 g5 10. h3 Ne7 11. Nb3 Nxc4 12. Qxd4 Qxd4 13. Nxd4 Bg7 14. c3 0-0-0 15. b3 Nd2 16. Rfd1 Bxd4 17. cxd4 Nxf3+ 18. Kh1 Ng6 19. Rd3 Ngh4 20. Rc1 Rhe8 21. Bxh4 Nxh4 22. f3 Ng6 23. Rdc3 Rd7 24. Rg1 h6 25. b4 Nf4 26. Rb1 Nxh3 27. b5 Nf4 28. Rbb3 Ne2 29. Rc4 b6 30. Ra3 Kb7 0-1

[Event "Oslo Stjernens op"]
[Site "Oslo"]
[Date "2015.11.08"]
[Round "5"]
[White "Amarapala, Sheroni"]
[Black "Vo, Hy Chang"]
[Result "1-0"]
[WhiteElo "1062"]
[BlackElo "841"]
[PlyCount "71"]
[EventDate "2015.11.06"]
[EventType "swiss"]
[EventRounds "5"]
[EventCountry "NOR"]
[SourceTitle "CBM 169 Extra"]
[Source "ChessBase"]
[SourceDate "2015.12.18"]
[SourceVersion "1"]
[SourceVersionDate "2015.12.18"]
[SourceQuality "1"]

1. e4 e6 2. d4 d5 3. exd5 exd5 4. Qe2+ Be7 5. Nc3 Nf6 6. Bg5 0-0 7. 0-0-0 Bf5 8. Qe1 Re8 9. Nf3 Nbd7 10. Qd2 Nb6 11. Bd3 Bxd3 12. Qxd3 Ng4 13. Bxe7 Rxe7 14. Ng5 g6 15. Qf3 Nh6 16. h4 Nf5 17. h5 Rd7 18. Qf4 Qf8 19. g4 Ng7 20. hxg6 fxg6 21. Qh2 Ne8 22. Rde1 Nc4 23. a3 Nf6 24. Qh3 Re8 25. f4 Rde7 26. Rxe7 Rxe7 27. f5 Qc8 28. fxg6 Qxg4 29. gxh7+ Kh8 30. Qh6 Qf4+ 31. Kb1 Nd2+ 32. Ka2 Nfe4 33. Ncxe4 dxe4 34. Qg6 Qf8 35. Ne6 Qe8 36. Qf6+ 1-0

[Event "Oslo Stjernens op"]
[Site "Oslo"]
[Date "2015.11.07"]
[Round "2"]
[White "Vo, Hy Chang"]
[Black "Warstad, Leif Edvin"]
[Result "0-1"]
[WhiteElo "841"]
[BlackElo "1337"]
[PlyCount "134"]
[EventDate "2015.11.06"]
[EventType "swiss"]
[EventRounds "5"]
[EventCountry "NOR"]
[SourceTitle "CBM 169 Extra"]
[Source "ChessBase"]
[SourceDate "2015.12.18"]
[SourceVersion "1"]
[SourceVersionDate "2015.12.18"]
[SourceQuality "1"]

1. d4 d5 2. c4 e6 3. Nc3 Nf6 4. Bg5 Be7 5. e3 Nbd7 6. Nf3 c5 7. Qc2 0-0 8. a3 b6 9. Be2 Bb7 10. b3 Rc8 11. Rc1 cxd4 12. exd4 Ne4 13. Bxe7 Qxe7 14. Nxe4 dxe4 15. Nd2 Nf6 16. b4 e3 17. fxe3 Bxg2 18. Rg1 Bh3 19. Rg3 Bf5 20. e4 Bg6 21. Bd3 Nh5 22. Rh3 Nf4 23. Rf3 Qh4+ 24. Rf2 Ng2+ 25. Ke2 Bh5+ 26. Nf3 Qxh2 27. Qb1 Qf4 28. Rh1 Qe3+ 29. Kf1 Bxf3 30. Rh3 Be2+ 31. Kxg2 Bxd3 32. Qxd3 Qxd3 33. Rxd3 Rxc4 34. Rfd2 Rd8 35. Kf3 Kf8 36. Kf4 f6 37. e5 f5 38. Rd1 Ke7 39. Kg5 Rd5 40. R3d2 Kf7 41. Rd3 a6 42. R3d2 Rc3 43. Rd3 Rxd3 44. Rxd3 a5 45. Rd2 axb4 46. axb4 Rb5 47. Rb2 Ke7 48. Rb3 Kd7 49. Rh3 h6+ 50. Kg6 Rxb4 51. Rd3 b5 52. d5 Rg4+ 53. Kf7 exd5 54. e6+ Kd6 55. e7 Re4 56. e8Q Rxe8 57. Kxe8 g5 58. Rh3 g4 59. Rxh6+ Ke5 60. Rh1 f4 61. Re1+ Kf5 62. Kd7 g3 63. Rg1 Kg4 64. Kd6 f3 65. Ke5 g2 66. Rd1 f2 67. Rd4+ Kh3 0-1

[Event "Oslo Stjernens op"]
[Site "Oslo"]
[Date "2015.11.06"]
[Round "1"]
[White "Store, Trond"]
[Black "Vo, Hy Chang"]
[Result "1-0"]
[WhiteElo "1907"]
[BlackElo "841"]
[PlyCount "65"]
[EventDate "2015.11.06"]
[EventType "swiss"]
[EventRounds "5"]
[EventCountry "NOR"]
[SourceTitle "CBM 169 Extra"]
[Source "ChessBase"]
[SourceDate "2015.12.18"]
[SourceVersion "1"]
[SourceVersionDate "2015.12.18"]
[SourceQuality "1"]

1. d4 d5 2. c4 e6 3. Nc3 Nf6 4. Bg5 Bb4 5. e3 0-0 6. Qc2 b6 7. cxd5 exd5 8. Nf3 Bxc3+ 9. Qxc3 c6 10. Ne5 Qd6 11. Bf4 Ne4 12. Qb3 Qf6 13. Bd3 c5 14. Qxd5 Nd6 15. Nf3 Nb7 16. 0-0 Rd8 17. Qe4 Qg6 18. Rfd1 f5 19. Bc4+ Kh8 20. Qe7 Nc6 21. Qh4 Qg4 22. Qxg4 fxg4 23. Ng5 Rf8 24. Nf7+ Kg8 25. Ne5+ Kh8 26. Nxc6 Rf6 27. Ne5 Na5 28. Bd5 Bb7 29. dxc5 bxc5 30. Bxb7 Nxb7 31. Rd7 Na5 32. Nxg4 Rff8 33. Be5 1-0